000 00372nam a2200157Ia 4500
008 160316s1997 xxu||||| |||| 00| 0 eng d
082 _a823.000000
_bTHA
100 _aThayer Patricia
245 _aNothing short of a miracle
250 _a
260 _aAustralia
_bSilhouete
_c1997
300 _a249p
_b
_c
365 _b Rs. 30
650 _a1. Fiction
700 _a
_a
999 _c33395
_d33395